Dýchavičný export

Odhady deficitu zahraničného obchodu SR. Faktory, ktoré ovplyvňujú prudké zvýšenie deficitu zahraničného obchodu SR. Vývoj zahraničného obchodu SR. Nedostatočné opatrenia vlády SR na podporu exportu.

Gespeichert in:
Bibliographische Detailangaben
1. Verfasser: Sotník, Alexander
Format: Buchkapitel
Sprache:Slowakisch
Schlagworte:
Tags: Tag hinzufügen
Keine Tags, Fügen Sie das erste Tag hinzu!

MARC

LEADER 00000naa a2200000 4500
001 r042359
005 20230920073317.8
041 0 |a slo 
044 |a SK 
245 1 0 |a Dýchavičný export  |c Alexander Sotník 
520 |a Odhady deficitu zahraničného obchodu SR. Faktory, ktoré ovplyvňujú prudké zvýšenie deficitu zahraničného obchodu SR. Vývoj zahraničného obchodu SR. Nedostatočné opatrenia vlády SR na podporu exportu. 
610 2 0 |a obchod zahraničný 
610 2 0 |a Slovensko 
610 2 0 |a deficit 
610 2 0 |a bilancia obchodná 
610 2 0 |a stimulovanie ekonomické 
610 2 0 |a podpora podnikania 
610 2 0 |a podpora vývozu 
610 2 0 |a investície zahraničné 
100 1 |a Sotník, Alexander